00534cam a22001575i 4500008004100000020002500041100002600066245009800092260004400190300005400234500002000288504004100308003000100349005001700350040000900367  a9783936681888 (hbk.)1 aSchultz, Anne-Catrin.10aTime, space and material :bthe mechanics of layering in architecture /cAnne-Catrin Schultz. aStuttgart :bEdition Axel Menges,c2015 a79 p. :bmany ill. (partly color), plans ;c29 cm aIncludes index. aIncludes bibliographical references.20230120144458.0 cNUST